Loading...

Microeconomic theory /

Bibliographic Details
Main Author: Gould, John P, Jr
Other Authors: Lazear , Edward P.
Language:Undetermined
Published: New Delhi : All Indi traveller bookseller , 2001.
Edition:6th ed.
Subjects:
LEADER 00570nam a2200181Ia 4500
001 133663
008 170722s9999 xx 000 0 und d
020 |a 818538603X 
100 |a Gould, John P, Jr 
245 |a Microeconomic theory / 
250 |a 6th ed. 
260 |a New Delhi :  |b All Indi traveller bookseller ,  |c 2001. 
300 |a xvi+640 
653 |a Microeconomics 
700 |a Lazear , Edward P. 
942 |c GEN 
999 |c 125161  |d 125161 
952 |0 0  |1 0  |4 0  |6 X_11_000000000000000_P1  |7 0  |8 CR  |9 176974  |a LIB  |b LIB  |d 2017-08-12  |o X11 P1  |p 246649  |r 2017-08-12  |v 205.00  |w 2017-08-12  |y GEN